| 000 | 01057nas a2200349 4500 | ||
|---|---|---|---|
| 001 | BR0302943 | ||
| 003 | BR-BrBNA | ||
| 005 | 20231205103851.0 | ||
| 007 | ta | ||
| 008 | 230509b bl.|||p| |||| 00| 00por d | ||
| 040 |
_aBR-BrBNA _bpor _cBiblioteca Nacional de Agricultura |
||
| 041 | _a(Pt) | ||
| 072 | _aL01 | ||
| 100 | 1 | _aVaz, F.N. | |
| 100 | 1 | _aRestie, J. | |
| 100 | 1 | _aAlves Filho, D.C. | |
| 100 | 1 | _aBrondani, I.L. | |
| 100 | 1 | _aPascoal, L.L. | |
| 100 | 1 | _aVaz, R.Z. | |
| 100 | 1 | _aPeixoto, L.A. de O. | |
| 245 | 1 | _aCaracterísticas de carcaça e da carne de novilho filho de vacas 1/2 Nelore 1/2 Charolês e 1/2 Charolês 1/2 Nelore acasaladas com touros Charolês ou Nelore | |
| 650 | _aGADO ZEBU | ||
| 650 | _aBOVINO | ||
| 650 | _aGORDURA | ||
| 650 | _aABATE | ||
| 650 | _aPRODUÇÃO | ||
| 650 | _aREBANHO | ||
| 650 | _aCARCAÇA | ||
| 773 | 0 |
_tRevista Brasileira de Zootecnia (Brazil) _xISSN 1516-3598 _g(Jul-Aug 2002), v. 31(4) p. 1734-1743 _wBR0302943 |
|
| 909 |
_a202311 _bLúcia _c55 _dLúcia Elande |
||
| 942 |
_2AGRIS _n0 _cANA |
||
| 999 |
_c175152 _d175152 |
||